| 000 | 00569nam a2200181 i 4500 | ||
|---|---|---|---|
| 001 | 33580 | ||
| 003 | ES-MaACL | ||
| 005 | 20230906154801.0 | ||
| 007 | t| | ||
| 008 | 030202s1972 sp ||||1| spa d | ||
| 130 | 0 |
_aBiblia. _pN.T. _pEvangelios. _lEspañol. _9119305 |
|
| 245 | 1 | 0 |
_aMarcos, Mateos, Lucas y Juan _b: palabras básicas del Evangelio / _ccoordinador Jesús Ajuria. |
| 250 | _a[1ª ed.]. | ||
| 260 |
_aMadrid : _bE.P.E.S.A., _c1972. |
||
| 300 |
_a496 p. : _b1 map. ; _c17 cm. |
||
| 700 | 1 |
_aAjuria, Jesús. _919029 |
|
| 852 |
_aES-MaACL _jC-44974 _bR.81391 |
||
| 999 |
_c33580 _d33580 |
||